INFANTRY ATTACKS (Record no. 582948)

000 -LEADER
fixed length control field 00223nam a22000977a 4500
082 ## - DEWEY DECIMAL CLASSIFICATION NUMBER
Classification number 356.183 ROM'I
100 ## - MAIN ENTRY--PERSONAL NAME
Personal name ROMMAL, ERWIN
9 (RLIN) 77734
245 ## - TITLE STATEMENT
Title INFANTRY ATTACKS
260 ## - PUBLICATION, DISTRIBUTION, ETC.
Place of publication, distribution, etc. VERLAG
Name of publisher, distributor, etc. POTSDAMN LUDWING
Date of publication, distribution, etc. 1943
942 ## - ADDED ENTRY ELEMENTS (KOHA)
Koha item type Book
Holdings
Withdrawn status Lost status Damaged status Not for loan Permanent Location Current Location Shelving location Date acquired Total Checkouts Full call number Barcode Date last seen Price effective from Koha item type
        College of Electrical & Mechanical Engineering (CEME) College of Electrical & Mechanical Engineering (CEME) General Stacks 06/09/2017   356.183 ROM'I CEME-9053 06/28/2021 06/28/2021 Book
© 2023 Central Library, National University of Sciences and Technology. All Rights Reserved.